000 00367nam a2200133Ia 4500
005 20260328104322.0
008 260328s9999||||xx |||||||||||||| ||und||
100 _aTravis, Stephanie
245 0 _aSketching :
_bFor Architecture + Interior Design /
_cStephanie Travis
260 _bLaurence King
300 _a120 p.
650 _aDIBUJO ARQUITECTÓNICO
942 _cBK
999 _c11384
_d11384